Bài tập và lời giải cơ học = Problems and solutions on mechanics

Gồm 410 bài tập và lời giải: cơ học Newton, cơ học giải tích, thuyết tương đối hẹp... giúp người học nắm bắt lý thuyết cơ bản

Na minha lista:
Detalhes bibliográficos
Autor principal: Lim, Yung-kuo
Formato: Livro
Idioma:Undetermined
Publicado em: Hà Nội Giáo dục 2008
Assuntos:
Tags: Adicionar Tag
Sem tags, seja o primeiro a adicionar uma tag!
Thư viện lưu trữ: Trung tâm Học liệu Trường Đại học Cần Thơ
LEADER 00997nam a2200229Ia 4500
001 CTU_150859
008 210402s9999 xx 000 0 und d
020 |c 128000 
082 |a 531.1076 
082 |b L732 
100 |a Lim, Yung-kuo 
245 0 |a Bài tập và lời giải cơ học = 
245 0 |b Problems and solutions on mechanics 
245 0 |c Yung-kuo Lim ; Người dịch: Đặng Lê Minh, Nguyễn Ngọc Đỉnh, Đặng Văn Sử 
260 |a Hà Nội 
260 |b Giáo dục 
260 |c 2008 
520 |a Gồm 410 bài tập và lời giải: cơ học Newton, cơ học giải tích, thuyết tương đối hẹp... giúp người học nắm bắt lý thuyết cơ bản 
650 |a Mechanics,Dynamics,Cơ học,Động lực học 
650 |x Problems, exercises, etc,Vấn đề, bài tập, v.v.. 
904 |i Trọng Hiếu 
980 |a Trung tâm Học liệu Trường Đại học Cần Thơ